Henderson's dictionary of biological terms

Αποθηκεύτηκε σε:
Λεπτομέρειες βιβλιογραφικής εγγραφής
Άλλοι συγγραφείς: Lawrence, Eleanor 1949- (Επιμελητής έκδοσης)
Μορφή: Βιβλίο
Γλώσσα:English
Δημοσίευση: Essex : Longman Scientific and Technical, c1995
Έκδοση:11th ed.
Θέματα:
Ετικέτες: Προσθήκη ετικέτας
Δεν υπάρχουν, Καταχωρήστε ετικέτα πρώτοι!

MARC

LEADER 00000nam a2200000 i 4500
001 1/81425
008 990518s1995 eng d
020 |a 0-582-22707-0 
035 |l 10050881 
040 |a GR-MY-UA  |b gre  |e aacr 
041 0 |a eng 
082 0 |a 574.03 
245 1 0 |a Henderson's dictionary of biological terms /  |c [edited by] Eleonor Lawrence 
250 |a 11th ed. 
260 |a Essex :   |b Longman Scientific and Technical,   |c c1995 
300 |a ix, 693 σ.;  |b εικ.;  |c 20 εκ. 
504 |a Περιέχει ευρετήριο 
650 0 0 |a Biology  |x Dictionaries. 
700 1 |a Lawrence, Eleanor  |d 1949-  |4 edt 
852 |a INST  |b LESVOS  |e 19990518  |h 574.03 HEN  |p 005100016292  |q 005100016292  |t REF  |y 23 
901 |a BIBL1-1999-2 
909 |a Λ  |b 062161 
922 |a 1ΕΛΗ  |b 199812  |c ΚΠΣ/ΚΥΒ  |d LEADER 
950 |a 023-1998-09-14